Statistics for Name An NBA Starter On Each Team Quiz

Click here to take the quiz!

General Stats

  • This quiz has been taken 227 times
    (54 since last reset)
  • The average score is 28 of 30

Answer Stats

TeamPlayers% Correct
Los Angeles LakersD'Angelo Russell | Cam Reddish | Taurean Prince | LeBron James | Anthony Davis
100%
Los Angeles ClippersJames Harden | Terance Mann | Paul George | Kawhi Leonard | Ivica Zubac
100%
Charlotte HornetsLaMelo Ball | Terry Rozier | Gordon Hayward | Miles Bridges | Mark Williams
100%
Dallas MavericksLuka Dončić | Kyrie Irving | Derrick Jones Jr. | Grant Williams | Dereck Lively II
100%
Golden State WarriorsStephen Curry | Klay Thompson | Andrew Wiggins | Draymond Green | Kevon Looney
100%
Atlanta HawksTrae Young | Dejounte Murray | De'Andre Hunter | Jalen Johnson | Clint Capela
100%
Chicago BullsCoby White | Zach LaVine | DeMar DeRozan | Patrick Williams | Nikola Vučević
98%
Denver NuggetsJamal Murray | Kentavious Caldwell-Pope | Michael Porter Jr. | Aaron Gordon | Nikola Jokić
98%
Boston CelticsJrue Holiday | Derrick White | Jaylen Brown | Jayson Tatum | Kristaps Porziņģis
98%
Phoenix SunsBradley Beal | Devin Booker | Grayson Allen | Kevin Durant | Jusuf Nurkić
96%
Milwaukee BucksDamian Lillard | Malik Beasley | Khris Middleton | Giannis Antetokounmpo | Brook Lopez
96%
Cleveland CavaliersDarius Garland | Donovan Mitchell | Max Strus | Evan Mobley | Jarrett Allen
96%
Houston RocketsFred VanVleet | Jalen Green | Dillon Brooks | Jabari Smith Jr. | Alperen Şengün
96%
Detroit PistonsKillian Hayes | Cade Cunningham | Bojan Bogdanović | Isaiah Stewart | Jalen Duren
96%
Minnesota TimberwolvesMike Conley | Anthony Edwards | Jaden McDaniels | Karl-Anthony Towns | Rudy Gobert
96%
New Orleans PelicansC.J. McCollum | Brandon Ingram | Herbert Jones | Zion Williamson | Jonas Valančiūnas
94%
Miami HeatKyle Lowry | Tyler Herro | Jimmy Butler | Caleb Martin | Bam Adebayo
94%
Oklahoma City ThunderShai Gilgeous-Alexander | Jalen Williams | Luguentz Dort | Josh Giddey | Chet Holmgren
94%
Brooklyn NetsSpencer Dinwiddie | Cam Thomas | Mikal Bridges | Cameron Johnson | Nic Claxton
94%
Philadelphia 76ersTyrese Maxey | De'Anthony Melton | Kelly Oubre Jr. | Tobias Harris | Joel Embiid
94%
Sacramento KingsDe'Aaron Fox | Kevin Huerter | Keegan Murray | Harrison Barnes | Domantas Sabonis
92%
New York KnicksJalen Brunson | Quentin Grimes | R.J. Barrett | Julius Randle | Mitchell Robinson
92%
Toronto RaptorsDennis Schröder | Scottie Barnes | OG Anunoby | Pascal Siakam | Jakob Poeltl
90%
San Antonio SpursDevin Vassell | Keldon Johnson | Cedi Osman | Victor Wembanyama | Zach Collins
90%
Utah JazzKeyonte George | Jordan Clarkson | John Collins | Lauri Markkanen | Omer Yurtseven
90%
Memphis GrizzliesMarcus Smart | Desmond Bane | David Roddy | Bismack Biyombo | Jaren Jackson Jr.
90%
Indiana PacersTyrese Haliburton | Bruce Brown | Buddy Hield | Obi Toppin | Myles Turner
90%
Orlando MagicMarkelle Fultz | Jalen Suggs | Franz Wagner | Paolo Banchero | Wendell Carter Jr.
88%
Portland Trail BlazersMalcolm Brogdon | Anfernee Simons | Shaedon Sharpe | Jerami Grant | Deandre Ayton
86%
Washington WizardsTyus Jones | Jordan Poole | Deni Avdija | Kyle Kuzma | Daniel Gafford
86%

Score Distribution

Percentile by Number Answered

Percent of People with Each Score

Your Score History

You have not taken this quiz since the last reset